[Event "FIRST SATURDAY TOURNAMENTS Budapest IM J"]
[Site "Budapest"]
[Date "2012.07.07"]
[Round "1.2"]
[White "Szalanczy, Emil"]
[Black "Lengyel, Bela"]
[Result "1/2-1/2"]
[WhiteElo "2272"]
[BlackElo "2270"]
[PlyCount "40"]
[EventDate "2012.07.07"]

1. c4 e5 2. Nc3 Nf6 3. g3 d5 4. cxd5 Nxd5 5. Bg2 Nb6 6. Nf3 Nc6 7. O-O Be7 8.
d3 O-O 9. Be3 f5 10. Na4 f4 11. Bc5 Bg4 12. Rc1 Bd6 13. a3 Qe7 14. Bxd6 cxd6
15. Nxb6 axb6 16. Qb3+ Be6 17. Qxb6 Ra6 18. Qb5 Ra5 19. Qb6 Ra6 20. Qb5 Ra5
1/2-1/2

[Event "FIRST SATURDAY TOURNAMENTS Budapest IM J"]
[Site "Budapest"]
[Date "2012.07.07"]
[Round "1.3"]
[White "Farago, Sandor"]
[Black "Zhu, Yanshen"]
[Result "1-0"]
[WhiteElo "2266"]
[BlackElo "2179"]
[PlyCount "79"]
[EventDate "2012.07.07"]

1. e4 e5 2. Nf3 Nc6 3. Bb5 a6 4. Ba4 Nf6 5. Qe2 b5 6. Bb3 Bc5 7. c3 d6 8. O-O
O-O 9. a4 Rb8 10. axb5 axb5 11. d3 h6 12. Be3 Bb6 13. Nbd2 Re8 14. Bxb6 Rxb6
15. Rfe1 Bg4 16. h3 Bh5 17. Nf1 d5 18. g4 dxe4 19. dxe4 Nxg4 20. hxg4 Bxg4 21.
N1h2 Bh5 22. Kh1 Ne7 23. Rad1 Qc8 24. Rg1 Ng6 25. Qd3 Rf6 26. Rg3 Nf4 27. Qd7
Qa8 28. Ng4 Rb6 29. Bd5 Nxd5 30. Rxd5 Bxg4 31. Rxg4 Rbe6 32. Qxc7 R6e7 33. Rd7
Rxd7 34. Qxd7 Qb8 35. Kg2 Re6 36. Nh4 b4 37. Nf5 g5 38. c4 Qf8 39. Rg3 Qc5 40.
b3 1-0

[Event "FIRST SATURDAY TOURNAMENTS Budapest IM J"]
[Site "Budapest"]
[Date "2012.07.07"]
[Round "1.4"]
[White "Szabo, Bence"]
[Black "Szeberenyi, Adam"]
[Result "1-0"]
[WhiteElo "2336"]
[BlackElo "2325"]
[PlyCount "76"]
[EventDate "2012.07.07"]

1. d4 Nf6 2. c4 e6 3. Nc3 d5 4. cxd5 exd5 5. Bg5 c6 6. Qc2 Na6 7. a3 Nc7 8. e3
Be7 9. Bd3 Ne6 10. Bh4 g6 11. Nge2 Ng7 12. f3 O-O 13. O-O Re8 14. Kh1 Bf5 15.
Bf2 Bxd3 16. Qxd3 Nd7 17. Rad1 f5 18. e4 fxe4 19. fxe4 dxe4 20. Qc4+ Kh8 21. d5
cxd5 22. Qxd5 Nf6 23. Qxb7 Qb8 24. Qxb8 Raxb8 25. Ng3 Ne6 26. b4 a5 27. bxa5
Ra8 28. Bb6 e3 29. Rde1 Ng4 30. h3 Nf2+ 31. Kh2 Bc5 32. Nd5 Nd3 33. Rd1 Nb2 34.
Rde1 Nc4 35. Re2 Ng5 36. Bxc5 Ne6 37. Ne7 Rac8 38. Nxc8 Rxc8 1-0

[Event "FIRST SATURDAY TOURNAMENTS Budapest IM J"]
[Site "Budapest"]
[Date "2012.07.07"]
[Round "1.5"]
[White "Bub, Volker"]
[Black "To, Nhat Minh"]
[Result "0-1"]
[WhiteElo "2153"]
[BlackElo "2305"]
[PlyCount "82"]
[EventDate "2012.07.07"]

1. Nf3 Nf6 2. g3 g6 3. b3 Bg7 4. Bb2 d6 5. d4 O-O 6. Bg2 e5 7. dxe5 Ng4 8. O-O
Nxe5 9. Nxe5 Bxe5 10. Bxe5 dxe5 11. Nc3 c6 12. Qxd8 Rxd8 13. Rfd1 Rf8 14. b4
Bf5 15. Ne4 Na6 16. a3 Rad8 17. c4 Bxe4 18. Bxe4 f5 19. Bc2 Kf7 20. Kf1 Kf6 21.
f3 h6 22. e3 Nc7 23. h4 Ne6 24. a4 c5 25. b5 Rxd1+ 26. Rxd1 Rd8 27. Rxd8 Nxd8
28. g4 Nf7 29. h5 Nd6 30. hxg6 fxg4 31. fxg4 e4 32. a5 Kxg6 33. b6 axb6 34.
axb6 Kg5 35. Bb3 Kxg4 36. Kg2 Nc8 37. Bd1+ Kf5 38. Kg3 Nxb6 39. Bg4+ Ke5 40.
Be2 Nc8 41. Kg4 Nd6 0-1

[Event "FIRST SATURDAY TOURNAMENTS Budapest IM J"]
[Site "Budapest"]
[Date "2012.07.08"]
[Round "2.1"]
[White "Szeberenyi, Adam"]
[Black "Bub, Volker"]
[Result "1-0"]
[WhiteElo "2325"]
[BlackElo "2153"]
[PlyCount "65"]
[EventDate "2012.07.07"]

1. d4 d6 2. Nf3 g6 3. c4 Bg7 4. Nc3 Nd7 5. e4 e6 6. Bg5 Ne7 7. Qd2 h6 8. Be3 b6
9. O-O-O Bb7 10. Ne1 a6 11. f3 d5 12. Nc2 Nf6 13. cxd5 exd5 14. e5 Nd7 15. f4
Nf8 16. g4 Qd7 17. h4 Bc8 18. Bh3 Qc6 19. Rhf1 f5 20. exf6 Bxf6 21. Qg2 Be6 22.
g5 hxg5 23. fxg5 Bg7 24. Nb4 Qd7 25. Bxe6 Nxe6 26. Nbxd5 Nxd5 27. Nxd5 Rd8 28.
Nf6+ Bxf6 29. Rxf6 Nf8 30. Re1 Rh7 31. Qf3 Qg7 32. Bf2+ Kd7 33. Qh3+ 1-0

[Event "FIRST SATURDAY TOURNAMENTS Budapest IM J"]
[Site "Budapest"]
[Date "2012.07.08"]
[Round "2.2"]
[White "Zhu, Yanshen"]
[Black "Szabo, Bence"]
[Result "0-1"]
[WhiteElo "2179"]
[BlackElo "2336"]
[PlyCount "54"]
[EventDate "2012.07.07"]

1. e4 c5 2. Nf3 d6 3. d4 cxd4 4. Nxd4 Nf6 5. Nc3 a6 6. Be2 e5 7. Nb3 Be7 8. O-O
O-O 9. f4 Nbd7 10. f5 b5 11. Bf3 Bb7 12. Kh1 b4 13. Nd5 Nxd5 14. exd5 Nf6 15.
Bg5 e4 16. Bxf6 exf3 17. Bxe7 fxg2+ 18. Kxg2 Qxe7 19. Qd4 Rac8 20. Rf2 Rfe8 21.
Rd1 Qg5+ 22. Kf1 Re5 23. Qf4 Qh5 24. Rd4 Qh3+ 25. Kg1 Bxd5 26. Qd2 Rce8 27.
Rdf4 Re1+ 0-1

[Event "FIRST SATURDAY TOURNAMENTS Budapest IM J"]
[Site "Budapest"]
[Date "2012.07.08"]
[Round "2.3"]
[White "Lengyel, Bela"]
[Black "Farago, Sandor"]
[Result "1/2-1/2"]
[WhiteElo "2270"]
[BlackElo "2266"]
[PlyCount "35"]
[EventDate "2012.07.07"]

1. e4 c5 2. Nf3 d6 3. d4 cxd4 4. Nxd4 Nf6 5. Nc3 a6 6. Be2 g6 7. O-O Bg7 8. f4
Nbd7 9. Be3 Nc5 10. Bf3 Qc7 11. Kh1 O-O 12. a4 b6 13. Qe2 Bb7 14. Bf2 e5 15.
fxe5 dxe5 16. Nb3 Nxb3 17. cxb3 Rad8 18. Rac1 1/2-1/2

[Event "FIRST SATURDAY TOURNAMENTS Budapest IM J"]
[Site "Budapest"]
[Date "2012.07.08"]
[Round "2.4"]
[White "Xu, Yi"]
[Black "Szalanczy, Emil"]
[Result "1/2-1/2"]
[WhiteElo "2165"]
[BlackElo "2272"]
[PlyCount "117"]
[EventDate "2012.07.07"]

1. e4 c5 2. Nf3 d6 3. Bb5+ Nd7 4. d4 Ngf6 5. Nc3 cxd4 6. Qxd4 e5 7. Qd3 h6 8.
O-O Be7 9. Be3 O-O 10. Bc4 Nb8 11. h3 Nc6 12. a3 Be6 13. Nd5 Na5 14. Nxf6+ Bxf6
15. Bxe6 fxe6 16. Rad1 Be7 17. b4 Nc6 18. c4 Qe8 19. b5 Nd8 20. c5 Nf7 21. cxd6
Bxd6 22. Qb3 a6 23. bxa6 bxa6 24. Rd3 Qb5 25. a4 Qxb3 26. Rxb3 Rfc8 27. Rb6 Rc4
28. Rd1 Bf8 29. a5 Ra4 30. Rxe6 Rxa5 31. Rd7 Ra4 32. Nxe5 Nxe5 33. Rxe5 a5 34.
Bd4 Rc4 35. Re6 Kh7 36. Rb6 Rxd4 37. Rxd4 Bc5 38. Rbd6 Bxd4 39. Rxd4 a4 40. Rd2
a3 41. Ra2 Kg6 42. Kf1 Ra4 43. f3 Kg5 44. g3 h5 45. h4+ Kf6 46. Ke2 g5 47.
hxg5+ Kxg5 48. Ke3 Kf6 49. Kd3 Ke5 50. Kc3 Ra8 51. Kb4 Kd4 52. Rxa3 Rb8+ 53.
Ka5 Rg8 54. f4 Ra8+ 55. Kb4 Rb8+ 56. Ka5 Kxe4 57. Rc3 Rb1 58. Rc5 h4 59. gxh4
1/2-1/2

[Event "FIRST SATURDAY TOURNAMENTS Budapest IM J"]
[Site "Budapest"]
[Date "2012.07.09"]
[Round "3.1"]
[White "Szalanczy, Emil"]
[Black "Kojima, Shinya"]
[Result "0-1"]
[WhiteElo "2272"]
[BlackElo "2290"]
[PlyCount "86"]
[EventDate "2012.07.07"]

1. e4 e6 2. d4 d5 3. Nc3 Nf6 4. e5 Nfd7 5. f4 c5 6. Nf3 Nc6 7. Be3 Be7 8. Be2
O-O 9. O-O f6 10. exf6 Nxf6 11. Kh1 b6 12. Bg1 Bd6 13. g3 Bb7 14. Qe1 Qe7 15.
Nb5 Bb8 16. Rd1 a6 17. Nc3 Ba7 18. Bd3 Rae8 19. a3 b5 20. dxc5 Bxc5 21. b4 Bd6
22. Ne2 e5 23. fxe5 Nxe5 24. Ned4 Nc4 25. Nh4 g6 26. Be2 Ne4 27. Bg4 Rxf1 28.
Qxf1 Bxg3 29. Be6+ Kh8 30. Nxg6+ hxg6 31. Qh3+ Kg7 32. hxg3 Rh8 33. Kg2 Rxh3
34. Bxh3 Qd6 35. Rd3 Ng5 36. Bg4 Qe7 37. Bf3 Qd7 38. g4 Ne5 39. Be2 Nxd3 40.
cxd3 Ne6 41. Bf3 Nxd4 42. Bxd4+ Kf8 43. Kg3 Qc7+ 0-1

[Event "FIRST SATURDAY TOURNAMENTS Budapest IM J"]
[Site "Budapest"]
[Date "2012.07.09"]
[Round "3.3"]
[White "Szabo, Bence"]
[Black "Lengyel, Bela"]
[Result "1/2-1/2"]
[WhiteElo "2336"]
[BlackElo "2270"]
[PlyCount "74"]
[EventDate "2012.07.07"]

1. Nf3 d5 2. d4 Nf6 3. c4 e6 4. Nc3 Nbd7 5. Bf4 c6 6. e3 Be7 7. h3 O-O 8. c5 b6
9. b4 Ne4 10. Nxe4 dxe4 11. Nd2 e5 12. dxe5 bxc5 13. Nxe4 cxb4 14. Bd3 Nc5 15.
Nxc5 Bxc5 16. O-O Qh4 17. Qc2 Be7 18. Qxc6 Be6 19. Bg3 Qh6 20. Kh2 Rac8 21. Qb7
Bc5 22. Rfd1 g6 23. Be4 Rb8 24. Qa6 b3 25. axb3 Bxb3 26. Rdc1 Bb6 27. e6 Bxe6
28. Bxb8 Rxb8 29. Rd1 Qh4 30. Bd5 Bxd5 31. Rxd5 Qxf2 32. Qc4 Qxe3 33. Rf1 Qe6
34. Qd3 Re8 35. Rd7 Re7 36. Rxe7 Qxe7 37. Qd5 h5 1/2-1/2

[Event "FIRST SATURDAY TOURNAMENTS Budapest IM J"]
[Site "Budapest"]
[Date "2012.07.10"]
[Round "4.1"]
[White "Zhu, Yanshen"]
[Black "To, Nhat Minh"]
[Result "1-0"]
[WhiteElo "2179"]
[BlackElo "2305"]
[PlyCount "131"]
[EventDate "2012.07.07"]

1. e4 c5 2. Nf3 d6 3. d4 cxd4 4. Nxd4 Nf6 5. Nc3 a6 6. Be2 e5 7. Nb3 Be7 8. O-O
O-O 9. f4 Nbd7 10. a4 b6 11. Kh1 Bb7 12. Bf3 Rc8 13. Qe2 Re8 14. f5 Bf8 15. Bg5
Qc7 16. Rad1 Qc4 17. Qf2 Qb4 18. Rfe1 Rxc3 19. bxc3 Qxa4 20. Bxf6 Nxf6 21. Qxb6
Ba8 22. Ra1 Qc4 23. Qxa6 Qxc3 24. Qd3 Qc7 25. c4 g6 26. fxg6 hxg6 27. Nd2 Nd7
28. Nf1 Nc5 29. Qc2 Bh6 30. Ne3 Bxe3 31. Rxe3 Bc6 32. Rea3 Kg7 33. h3 Re6 34.
Ra7 Qb8 35. R7a5 Rf6 36. Rb1 Qc7 37. Ra3 Rf4 38. Re3 Qe7 39. Kh2 Ne6 40. Rd1
Nc5 41. Qc3 Rf6 42. Qb4 Qc7 43. Rb1 Qe7 44. Qb6 Bb7 45. Qa7 Re6 46. Ree1 Qh4
47. g3 Qe7 48. Rb6 Qc7 49. Rd1 Rf6 50. Bg2 Rf2 51. Rd5 Qe7 52. Kg1 Rc2 53.
Rbxd6 Rxg2+ 54. Kxg2 Nxe4 55. Rd7 Qg5 56. Rxf7+ Kh6 57. Rh7+ Kxh7 58. Qxb7+ Kh6
59. Qb3 Nf6 60. Rd1 Nh5 61. Qf3 Ng7 62. h4 Qe7 63. Qe3+ Kh7 64. Re1 Qb7+ 65.
Qe4 Qb3 66. g4 1-0

[Event "FIRST SATURDAY TOURNAMENTS Budapest IM J"]
[Site "Budapest"]
[Date "2012.07.10"]
[Round "4.3"]
[White "Xu, Yi"]
[Black "Szabo, Bence"]
[Result "1/2-1/2"]
[WhiteElo "2165"]
[BlackElo "2336"]
[PlyCount "292"]
[EventDate "2012.07.07"]

1. e4 c5 2. Nf3 d6 3. d4 cxd4 4. Nxd4 Nf6 5. Nc3 a6 6. f4 e5 7. Nf3 Nbd7 8. a4
Qc7 9. Bd3 Be7 10. O-O O-O 11. Qe2 b6 12. Kh1 Bb7 13. Bd2 Rfe8 14. Rad1 Bf8 15.
fxe5 dxe5 16. Bc4 Bb4 17. Ng5 Rf8 18. Nd5 Bxd5 19. exd5 Bxd2 20. Rxd2 a5 21. d6
Qb7 22. Bd3 Rad8 23. Bf5 g6 24. Bxd7 Nxd7 25. Qc4 Nc5 26. Rdf2 Rd7 27. Rf6 Kg7
28. Qe2 e4 29. Qd2 Kg8 30. Qd4 Qa8 31. c3 h6 32. Nh3 Qe8 33. b4 axb4 34. cxb4
Nd3 35. Nf4 Qe5 36. Qxe5 Nxe5 37. Nd5 Rb8 38. R6f4 Rxd6 39. Nf6+ Kg7 40. Nxe4
Rd4 41. Ng3 Rbd8 42. h3 Rxf4 43. Rxf4 Nd3 44. Rh4 Ra8 45. Rd4 Nb2 46. a5 bxa5
47. bxa5 Rxa5 48. Ne4 Na4 49. Rb4 Ra7 50. g4 Ra6 51. Kg2 Nb6 52. Rd4 Ra7 53.
Nc5 Re7 54. Kf3 Rc7 55. Rb4 Nd5 56. Rc4 Rc6 57. Rc1 Nc7 58. Nd3 Rf6+ 59. Kg2
Nd5 60. Kg3 Ra6 61. Rc5 Nf6 62. Rc4 Ra3 63. Rd4 Nh7 64. Kg2 Nf8 65. Nf4 Kf6 66.
Re4 Nh7 67. Nd5+ Kg7 68. Nf4 Nf6 69. Re5 Rb3 70. Ne2 h5 71. g5 Ng8 72. Nf4 Kf8
73. Nd5 Rb5 74. Re8+ Kxe8 75. Nc7+ Kd7 76. Nxb5 Kc6 77. Nc3 Kc5 78. h4 Kd4 79.
Nb5+ Ke5 80. Kh3 Ne7 81. Nc7 Nd5 82. Nb5 Nb6 83. Kg3 Nc4 84. Kh3 Nd2 85. Na7
Ke6 86. Nc6 Ne4 87. Nd8+ Ke7 88. Nc6+ Kd7 89. Ne5+ Ke6 90. Nc6 Kf5 91. Nd8 Nd6
92. Nc6 Kf4 93. Nd8 Kf3 94. Nc6 Ke4 95. Kg3 Nf5+ 96. Kh3 Kd5 97. Nb4+ Ke4 98.
Nc6 Kf4 99. Nd8 Nd6 100. Nc6 Ke3 101. Ne5 Kf4 102. Nc6 Nc4 103. Nd4 Ne5 104.
Nb5 Nc4 105. Nd4 Ke4 106. Nb5 Ke3 107. Kg2 Ke2 108. Kg3 Ne3 109. Kh3 Nf5 110.
Na7 Kf2 111. Nc6 Nd6 112. Ne5 Ke3 113. Kg3 Ke4 114. Nc6 Nc4 115. Nd8 Ne5 116.
Nb7 Kf5 117. Nd8 f6 118. gxf6 Kxf6 119. Nb7 Nd3 120. Nd6 Ke6 121. Ne4 Ke5 122.
Nd2 Nc5 123. Nf3+ Ke4 124. Ng5+ Ke3 125. Kg2 Nd3 126. Kg3 Nc5 127. Kg2 Kf4 128.
Kh3 Nd3 129. Ne6+ Kf3 130. Ng5+ Kf2 131. Ne6 Ne5 132. Ng5 Nf3 133. Ne6 Ng1+
134. Kh2 Ne2 135. Kh3 Kf3 136. Ng5+ Ke3 137. Kg2 Nd4 138. Kg3 Nf5+ 139. Kh3 Nd6
140. Ne6 Ke4 141. Nf8 Kf5 142. Nd7 Ne4 143. Nb6 Nf6 144. Kg3 Ke4 145. Nc8 Nd5
146. Nd6+ Ke5 1/2-1/2

[Event "FIRST SATURDAY TOURNAMENTS Budapest IM J"]
[Site "Budapest"]
[Date "2012.07.10"]
[Round "4.4"]
[White "Kojima, Shinya"]
[Black "Farago, Sandor"]
[Result "1/2-1/2"]
[WhiteElo "2290"]
[BlackElo "2266"]
[PlyCount "134"]
[EventDate "2012.07.07"]

1. Nf3 c5 2. c4 Nc6 3. d4 cxd4 4. Nxd4 Nf6 5. g3 Qb6 6. Nc2 Ne4 7. Ne3 e6 8.
Bg2 Bb4+ 9. Nd2 f5 10. Bxe4 fxe4 11. O-O Qd4 12. Qc2 d5 13. Nb3 Qe5 14. f4 exf3
15. Rxf3 d4 16. Ng2 Bd7 17. c5 O-O-O 18. a3 Ba5 19. Nxa5 Nxa5 20. Bf4 Qd5 21.
Bd6 e5 22. Rc1 Be6 23. Qa4 Nc6 24. b4 Rxd6 25. cxd6 a6 26. Ne1 Kb8 27. Rf2 e4
28. Qc2 Rd8 29. a4 e3 30. Rf3 Qxd6 31. Qxh7 Nxb4 32. Qxg7 a5 33. Qg5 Na2 34.
Rc2 Bb3 35. Rb2 Bd5 36. Rf6 Qc7 37. Qf4 Nc3 38. Qxd4 Ne4 39. Rf3 Qc1 40. Rf1
Nd2 41. Rc2 Qa3 42. Qe5+ Qd6 43. Qxd6+ Rxd6 44. Rf8+ Ka7 45. Rc5 Bc6 46. Rxa5+
Kb6 47. Re5 Nc4 48. a5+ Ka7 49. Rc5 Rd1 50. Rf1 Nd2 51. Rc3 Bd7 52. g4 Bxg4 53.
Rxe3 Ra1 54. h4 Nxf1 55. Kxf1 Rxa5 56. Kf2 Ra4 57. Kg3 b5 58. Nd3 Kb6 59. Re5
Rd4 60. Nf4 Bd7 61. h5 Rd6 62. Kh4 b4 63. Nd5+ Kc5 64. Nxb4+ Kxb4 65. Kg5 Rd1
66. h6 Rg1+ 67. Kf6 Rh1 1/2-1/2

[Event "FIRST SATURDAY TOURNAMENTS Budapest IM J"]
[Site "Budapest"]
[Date "2012.07.10"]
[Round "4.5"]
[White "Szajbely, Zsigmond"]
[Black "Szalanczy, Emil"]
[Result "1-0"]
[WhiteElo "2230"]
[BlackElo "2272"]
[PlyCount "55"]
[EventDate "2012.07.07"]

1. e4 c5 2. Nf3 d6 3. d4 cxd4 4. Nxd4 Nf6 5. Nc3 g6 6. Be3 Bg7 7. f3 Nc6 8. Qd2
O-O 9. O-O-O a5 10. Kb1 a4 11. a3 Bd7 12. Qf2 Nxd4 13. Bxd4 Qa5 14. e5 Ne8 15.
f4 b5 16. Nd5 Bg4 17. Rd2 e6 18. Ne7+ Kh8 19. exd6 Nf6 20. Qe3 Bf5 21. Nc6 Qa6
22. Qc3 e5 23. Bxe5 Rfc8 24. Bxf6 Rxc6 25. Bxg7+ Kg8 26. Qd4 Rac8 27. Bh6 f6
28. Qd5+ 1-0

[Event "FIRST SATURDAY TOURNAMENTS Budapest IM J"]
[Site "Budapest"]
[Date "2012.07.11"]
[Round "5.1"]
[White "Farago, Sandor"]
[Black "Szajbely, Zsigmond"]
[Result "0-1"]
[WhiteElo "2266"]
[BlackElo "2230"]
[PlyCount "120"]
[EventDate "2012.07.07"]

1. e4 c5 2. Nf3 d6 3. Bc4 Nc6 4. c3 Nf6 5. Qe2 e6 6. d4 cxd4 7. Nxd4 Be7 8. O-O
Qc7 9. Nd2 a6 10. Bd3 O-O 11. N2f3 e5 12. Nc2 h6 13. Ne3 Be6 14. c4 b5 15. Nd5
Qb7 16. b3 b4 17. Bb2 a5 18. Bc2 Nd7 19. Rad1 Nc5 20. Qe3 Bg4 21. h3 Bxf3 22.
Qxf3 Ne6 23. Qg3 Ned4 24. Bd3 a4 25. f4 f6 26. Qg6 axb3 27. axb3 Bd8 28. fxe5
dxe5 29. c5 Kh8 30. Bc1 Qf7 31. Qg3 Ra5 32. Bc4 Rxc5 33. Kh2 Qe8 34. Be3 Ra5
35. Rf2 Ra8 36. Rdf1 Rb8 37. Bxh6 gxh6 38. Nxf6 Bxf6 39. Rxf6 Rxf6 40. Rxf6 Qh5
41. Rf7 Qg5 42. Qf2 Re8 43. h4 Qg6 44. g4 Re7 45. Rf6 Qg7 46. g5 hxg5 47. h5 g4
48. Rg6 Nf3+ 49. Kg2 Qh7 50. Rxc6 Qxh5 51. Rc8+ Kh7 52. Qg3 Ra7 53. Be2 Ra2 54.
Rc7+ Kg8 55. Kf1 Ra1+ 56. Kf2 Ra2 57. Rd7 Nd4 58. Rxd4 exd4 59. Qb8+ Kg7 60.
Qg3 Rxe2+ 0-1

[Event "FIRST SATURDAY TOURNAMENTS Budapest IM J"]
[Site "Budapest"]
[Date "2012.07.11"]
[Round "5.2"]
[White "Szabo, Bence"]
[Black "Kojima, Shinya"]
[Result "1/2-1/2"]
[WhiteElo "2336"]
[BlackElo "2290"]
[PlyCount "87"]
[EventDate "2012.07.07"]

1. Nf3 Nf6 2. c4 e6 3. Nc3 d5 4. d4 Bb4 5. Bg5 h6 6. Bxf6 Qxf6 7. e3 O-O 8. Rc1
dxc4 9. Bxc4 c5 10. O-O cxd4 11. exd4 Nc6 12. Ne4 Qe7 13. Qe2 Rd8 14. Rfd1 Bd7
15. a3 Ba5 16. Ng3 Be8 17. Qe4 Bb6 18. h4 Rd7 19. Rd2 Rad8 20. Rcd1 Rd6 21. Ba2
Kh8 22. Bb1 f5 23. Qf4 Rd5 24. Qe3 Qf6 25. Re1 R5d6 26. Qb3 Nxd4 27. Nxd4 Bxd4
28. Qxb7 Bc6 29. Qb3 Qxh4 30. Rxe6 Bd5 31. Rxd6 Bxb3 32. Nxf5 Qg5 33. Rxd8+
Qxd8 34. Rxd4 Qc7 35. Bd3 Bf7 36. Ne3 g6 37. Bc4 Bxc4 38. Rxc4 Qb7 39. Rb4 Qc6
40. Rc4 Qb7 41. b4 Qa6 42. Rc3 h5 43. Nc2 Qd6 44. Ne3 1/2-1/2

[Event "FIRST SATURDAY TOURNAMENTS Budapest IM J"]
[Site "Budapest"]
[Date "2012.07.11"]
[Round "5.3"]
[White "Bub, Volker"]
[Black "Xu, Yi"]
[Result "0-1"]
[WhiteElo "2153"]
[BlackElo "2165"]
[PlyCount "88"]
[EventDate "2012.07.07"]

1. e4 c5 2. d3 Nc6 3. g3 g6 4. Bg2 Bg7 5. c3 d6 6. Nf3 e5 7. O-O Nge7 8. a3 a5
9. a4 O-O 10. Na3 h6 11. Nb5 Be6 12. Nd2 d5 13. exd5 Nxd5 14. Nc4 Qe7 15. Re1
Rad8 16. Qe2 h5 17. h4 Rfe8 18. b3 e4 19. Bg5 f6 20. Bd2 exd3 21. Qxd3 Nf4 22.
Qf1 Nxg2 23. Qxg2 Bxc4 24. Rxe7 Rxe7 25. bxc4 Rxd2 26. g4 hxg4 27. Qxg4 Ne5 28.
Qc8+ Kh7 29. Qxc5 Nf3+ 30. Kf1 Ree2 31. h5 Ne5 32. hxg6+ Kxg6 33. Rd1 Nd3 34.
Rxd2 Re1+ 35. Kg2 Nxc5 36. f4 Nxa4 37. Ra2 Nb6 38. Nd6 Bf8 39. Nxb7 Nxc4 40.
Nxa5 Nxa5 41. Rxa5 Rc1 42. Kf3 Rxc3+ 43. Kg4 Rc4 44. Rd5 Bh6 0-1

[Event "FIRST SATURDAY TOURNAMENTS Budapest IM J"]
[Site "Budapest"]
[Date "2012.07.11"]
[Round "5.4"]
[White "To, Nhat Minh"]
[Black "Lengyel, Bela"]
[Result "1/2-1/2"]
[WhiteElo "2305"]
[BlackElo "2270"]
[PlyCount "42"]
[EventDate "2012.07.07"]

1. e4 e5 2. Nf3 Nc6 3. Bb5 a6 4. Ba4 Nf6 5. O-O Be7 6. Re1 b5 7. Bb3 d6 8. c3
O-O 9. h3 Na5 10. Bc2 c5 11. d4 Qc7 12. Nbd2 Nc6 13. d5 Na5 14. b3 Bd7 15. Nf1
Nb7 16. c4 Rfb8 17. Ne3 g6 18. Bd2 Bf8 19. Bd3 Bg7 20. a3 Na5 21. Qc2 bxc4
1/2-1/2

[Event "FIRST SATURDAY TOURNAMENTS Budapest IM J"]
[Site "Budapest"]
[Date "2012.07.11"]
[Round "5.5"]
[White "Szeberenyi, Adam"]
[Black "Zhu, Yanshen"]
[Result "1-0"]
[WhiteElo "2325"]
[BlackElo "2179"]
[PlyCount "34"]
[EventDate "2012.07.07"]

1. d4 d5 2. c4 e6 3. Nc3 Nf6 4. cxd5 exd5 5. Bg5 Be7 6. Qc2 h6 7. Bh4 c6 8. e3
O-O 9. Bd3 b6 10. Nge2 c5 11. Bxf6 Bxf6 12. Nxd5 Bb7 13. Nxf6+ Qxf6 14. O-O Nc6
15. dxc5 Nb4 16. Qb3 Nxd3 17. Qxd3 Qxb2 1-0

[Event "FIRST SATURDAY TOURNAMENTS Budapest IM J"]
[Site "Budapest"]
[Date "2012.07.12"]
[Round "6.1"]
[White "Lengyel, Bela"]
[Black "Szeberenyi, Adam"]
[Result "1/2-1/2"]
[WhiteElo "2270"]
[BlackElo "2325"]
[PlyCount "32"]
[EventDate "2012.07.07"]

1. e4 c5 2. Nf3 d6 3. d4 cxd4 4. Nxd4 Nf6 5. Nc3 a6 6. Be2 e5 7. Nb3 Be7 8. O-O
Be6 9. f4 Qc7 10. a4 Nbd7 11. a5 O-O 12. f5 Bc4 13. Bxc4 Qxc4 14. Ra4 Qc6 15.
Be3 Rac8 16. Qf3 Rfe8 1/2-1/2

[Event "FIRST SATURDAY TOURNAMENTS Budapest IM J"]
[Site "Budapest"]
[Date "2012.07.12"]
[Round "6.3"]
[White "Kojima, Shinya"]
[Black "Bub, Volker"]
[Result "1-0"]
[WhiteElo "2290"]
[BlackElo "2153"]
[PlyCount "59"]
[EventDate "2012.07.07"]

1. Nf3 g6 2. c4 Bg7 3. e4 d6 4. d4 Nd7 5. Nc3 e6 6. Bd3 Ne7 7. O-O a6 8. Be3 h6
9. Qd2 b6 10. Rad1 Bb7 11. Rfe1 f5 12. c5 Nf6 13. e5 Ne4 14. Bxe4 fxe4 15. exd6
cxd6 16. cxd6 Qxd6 17. Bf4 Qb4 18. a3 Qa5 19. Ne5 Bd5 20. b4 Qxa3 21. Ra1 e3
22. Qxe3 Qb3 23. Qd2 Rc8 24. Nxd5 Qxd5 25. Rxa6 g5 26. Bg3 Nf5 27. Ng6 Nxd4 28.
Qd1 Qb5 29. Ra7 Rg8 30. Rxe6+ 1-0

[Event "FIRST SATURDAY TOURNAMENTS Budapest IM J"]
[Site "Budapest"]
[Date "2012.07.12"]
[Round "6.4"]
[White "Szajbely, Zsigmond"]
[Black "Szabo, Bence"]
[Result "1/2-1/2"]
[WhiteElo "2230"]
[BlackElo "2336"]
[PlyCount "42"]
[EventDate "2012.07.07"]

1. e4 c5 2. Nf3 d6 3. d4 cxd4 4. Nxd4 Nf6 5. Nc3 Nc6 6. h3 g6 7. Be3 Bg7 8. g4
O-O 9. Bg2 Nd7 10. O-O Nc5 11. Qd2 Bd7 12. Rad1 Rc8 13. Nce2 a6 14. c4 b5 15.
cxb5 Nxd4 16. Nxd4 axb5 17. a3 Rb8 18. Bh6 Qb6 19. Bxg7 Kxg7 20. Qe3 f6 21. Rd2
b4 1/2-1/2

[Event "FIRST SATURDAY TOURNAMENTS Budapest IM J"]
[Site "Budapest"]
[Date "2012.07.12"]
[Round "6.5"]
[White "Szalanczy, Emil"]
[Black "Farago, Sandor"]
[Result "1-0"]
[WhiteElo "2272"]
[BlackElo "2266"]
[PlyCount "163"]
[EventDate "2012.07.07"]

1. e4 e5 2. Nf3 Nc6 3. Bb5 a6 4. Ba4 Nf6 5. O-O Be7 6. Re1 b5 7. Bb3 O-O 8. c3
d5 9. exd5 Nxd5 10. Nxe5 Nxe5 11. Rxe5 c6 12. Bxd5 cxd5 13. d4 Bd6 14. Re3 Qh4
15. h3 Bf5 16. Nd2 Rae8 17. Nf3 Qf6 18. Ne5 Bxe5 19. dxe5 Rxe5 20. Rxe5 Qxe5
21. Be3 Re8 22. a4 Qe6 23. axb5 axb5 24. Ra5 Qc6 25. Qd4 h6 26. Qf4 Be4 27. Qg3
Bg6 28. Bd4 Ra8 29. b4 Re8 30. Kh2 Kh7 31. Ra7 Kg8 32. Rc7 Qe6 33. Rb7 Qc6 34.
Rb6 Qd7 35. Rd6 Qf5 36. Qf3 Qxf3 37. gxf3 Bd3 38. Rxd5 Bc4 39. Rc5 Be2 40. f4
Re7 41. Kg3 f6 42. f5 Bd3 43. h4 Kf7 44. f3 Rb7 45. Kf4 Re7 46. h5 Re2 47. Rc7+
Re7 48. Rc8 Re8 49. Rc6 Re2 50. Be3 Ra2 51. Rd6 Bc4 52. Rd8 Ke7 53. Rb8 Bd3 54.
Bc5+ Kd7 55. Bf8 Rh2 56. Rb7+ Kc6 57. Rxg7 Rxh5 58. Ke3 Bb1 59. Rg6 Rxf5 60.
Rxh6 Kd7 61. Rh1 Re5+ 62. Kd4 Ba2 63. Ra1 Bc4 64. Bg7 Rd5+ 65. Ke4 Ke6 66. Ra6+
Rd6 67. Ra7 Bd3+ 68. Kf4 Be2 69. Ra8 Kf7 70. Ra7+ Ke6 71. Bf8 Rd7 72. Ra2 Bc4
73. Ra6+ Kf7 74. Bc5 Kg6 75. Bd4 Rf7 76. Ra1 Re7 77. Ra6 Rf7 78. Kg4 Be2 79.
Rb6 Rf8 80. Kf4 Bd3 81. Bc5 Re8 82. Rb7 {after 55 move} 1-0

[Event "FIRST SATURDAY TOURNAMENTS Budapest IM J"]
[Site "Budapest"]
[Date "2012.07.13"]
[Round "7.1"]
[White "Szabo, Bence"]
[Black "Szalanczy, Emil"]
[Result "1-0"]
[WhiteElo "2336"]
[BlackElo "2272"]
[PlyCount "77"]
[EventDate "2012.07.07"]

1. d4 c5 2. d5 e6 3. c4 exd5 4. cxd5 g6 5. Nc3 Bg7 6. e4 d6 7. Nf3 a6 8. a4 Bg4
9. Be2 Bxf3 10. Bxf3 Nd7 11. Bf4 Be5 12. Bxe5 Nxe5 13. Be2 g5 14. Qd2 Qf6 15.
O-O Ne7 16. Nd1 Qf4 17. Qc2 h5 18. Ra3 g4 19. Rb3 Ra7 20. Re3 N7g6 21. a5 Ke7
22. b4 cxb4 23. Rb3 Nd7 24. Ne3 Nc5 25. Rxb4 Rd8 26. Nf5+ Kf8 27. f3 Qg5 28.
Rb6 Nf4 29. fxg4 hxg4 30. Rxd6 Rxd6 31. Nxd6 g3 32. hxg3 Qxg3 33. Rxf4 Qxf4 34.
Qxc5 Ra8 35. Qc3 Rd8 36. Nf5 Ke8 37. Bf3 Kd7 38. Qf6 Kc7 39. d6+ 1-0

[Event "FIRST SATURDAY TOURNAMENTS Budapest IM J"]
[Site "Budapest"]
[Date "2012.07.13"]
[Round "7.2"]
[White "Bub, Volker"]
[Black "Szajbely, Zsigmond"]
[Result "0-1"]
[WhiteElo "2153"]
[BlackElo "2230"]
[PlyCount "102"]
[EventDate "2012.07.07"]

1. e4 c5 2. d3 Nc6 3. g3 g6 4. Bg2 Bg7 5. Nc3 d6 6. f4 Qa5 7. Bd2 e6 8. Nf3
Nge7 9. O-O O-O 10. Rb1 Rb8 11. Re1 Qc7 12. Nb5 Qd7 13. e5 dxe5 14. fxe5 Nxe5
15. Nxe5 Qxb5 16. Bf4 Ra8 17. Qd2 f6 18. Nc4 e5 19. Nd6 Qd7 20. Nxc8 Raxc8 21.
Bh6 Bxh6 22. Qxh6 Nf5 23. Qd2 c4 24. Be4 cxd3 25. Bxd3 Rfd8 26. Rbd1 Qd4+ 27.
Qf2 Kg7 28. c3 Qxf2+ 29. Kxf2 Nd6 30. Bf1 Ne4+ 31. Ke3 Nc5 32. Bc4 Na4 33. Rxd8
Rxd8 34. Re2 f5 35. Bb5 Nc5 36. b4 Ne4 37. Rc2 Rc8 38. Kd3 Kf6 39. c4 Nd6 40.
Ba4 e4+ 41. Kd4 Rd8 42. Ke3 Nc8 43. c5 Ne7 44. Rb2 Ke5 45. Bc2 g5 46. b5 Rc8
47. c6 bxc6 48. bxc6 Rxc6 49. Ba4 Rc5 50. Rb7 Nd5+ 51. Ke2 Nc3+ 0-1